zpět

Detail výsledku týmu

Restaurace Kolosvět, Třeboň

Datum a čas kvízu

25 Celkem bodů Celkový počet nahraných bodů na tomto kvízu bez doplňovacích otázek.
5. Pořadí na kvízu Konečné umístění týmu na tomto kvízu.

Zaznamenané odpovědi

# Otázka Odpověď Body Výsledky
1. "Po ___ společných letech plný... třiceti 1
2. Parlament jednoho evropského s... Spojené království (Velká Británie) 0
3. Ve čtvrtek proběhlo předávání... Hella, Alena Machoninová 0
4. České vývojářské studio Warhor... Kingdom Come: Deliverance 1
5. Americké atletky nebyly při př... Nike 1
6. Bolívie má, stejně jako několi... Sucre; La Paz 0
7. Které evropské hlavní město se... Oslo 0
8. Zatímco některé země mají hlav... o Nauru 0
9. Které malebné hlavní město lež... Tallinn 0
10. Kazachstán drží rekord v přejm... Astana; Nur-Sultan 0